The Furry Quiz - Statistics

General Stats
  • This quiz has been taken 555 times
  • The average score is 6 of 35
Answer Stats
Hint Answer % Correct
Largest furry convention in the world A{nthro}c{on}
79%
Convention held in Chicago M{idwest} F{ur}F{est}
67%
Costume some furries wear Fursuit
66%
Name for a furry's character Fursona
63%
Most popular furry website F{ur}A{ffinity}
60%
Fandom's favorite - brown angel dragon Telephone
47%
Convention held in Atlanta F{urry} W{eekend} A{tlanta}
30%
City where Anthrocon is held Pittsburgh
29%
Biggest convention outside the US E{uro}f{urence}
27%
Convention held in Dallas F{urry} F{iesta}
23%
Convention held in Seattle R{ain}F{urrest}
23%
Convention held in San Jose F{urther} C{onfusion}
19%
Chairman of Anthrocon Uncle Kage
16%
Convention held in England C{on}F{uzzled}
15%
Halloween con held in Connecticut F{ur}F{right}
15%
Convention held in Toronto F{urnal} E{quinox}
11%
Finally Found You - German shepherd Duke
8%
Blue and tan angel dragon Radio
8%
Late pink and yellow coyote; EMT Lemonade
6%
Energy drink inspired kangaroo Monsteroo
6%
Husky with a "popufur" shirt Buddy
4%
Convention held in Melbourne C{on}F{urgence}
4%
2013 dance competition winner at Anthrocon Skye
3%
German shepherd; HEEHAW! Doryuu
2%
Pink "cabbit"; part of DifFURently Shiacoft
2%
2012 dance competition winner at Anthrocon Atsu Fawx
1%
Cat with yellow eyes; YouTuber Coopertom
1%
Blue kangaroo with white patterns Flux
1%
Lion and YouTuber Kijani
1%
Video by SkuffCoyote L{oud} E{lectronic} F{urry}
1%
Blue, pink and red hyenasaur OMGSparky
1%
2012 dance comp winner at con #2 Zeke
1%
Male red pandog with green eyes Havik
0%
2013 novice dance comp winner at MFF Shyybunny
0%
2013 veteran dance comp winner at MFF The Furternity
0%
No matching quizzes found
Score Distribution
Percent of People with Each Score
Percentile by Number Answered
Your Score History
You have not taken this quiz